• 首页
  • 本馆介绍
  • 公告通知
  • 最新文献
  • 馆藏检索
  • 电子资源
  • 读者导购
  • 参考咨询
  • 我的图书馆
  • 登录
  • 详细信息显示
  • 放入我的书架
  • 预约/预借图书
  • 作者相关作品
  • 分类相关作品
  • 丛书相关作品
  • 出版社相关作品

书目信息

  • 表格格式
  • 工作单格式
  • 卡片格式
题名:
张爱玲文集
    
 
作者: 张爱玲 著 ;李晓明 主编
分册:  
出版信息: 长春   吉林文史出版社  2002
页数: 284页
开本: 20cm
丛书名: 学生阅读经典
单 册:
中图分类: I217.52 , I216
科图分类:
主题词: 短篇小说--中国--现代--选集 , 散文--中国--现代--选集
电子资源:
ISBN: 7-80626-761-1
000 00903oam2 2200277 450
001 1540435956
005 20150123204018.51
010    @a7-80626-761-1@dCNY14.80
100    @a20030623d2002 emy0chiy50 ea
101 0  @achi
102    @aCN@b220000
105    @ay z 000zy
200 1  @a张爱玲文集@9zhang ai ling wen ji@f[张爱玲著]@g李晓明主编
210    @a长春@c吉林文史出版社@d2002
215    @a284页@d20cm
225 2  @a学生阅读经典
330    @a本书分小说、散文两部分。收有张爱玲佳作“倾城之恋”、“金锁记”、“到底是上海人”、“公寓生活记趣”等。
461  0 @12001 @a学生阅读经典
606 0  @a短篇小说@y中国@z现代@j选集
606 0  @a散文@y中国@z现代@j选集
690    @aI217.52@v5
690    @aI216@v4
701  0 @a张爱玲@9zhang ai ling@c(女,@f1920.9~1995.9)@4著
702  0 @a李晓明@9li xiao ming@c(编辑,@f1958~)@4主编
801  0 @aCN@bTSSF@c20150123
905    @aZUCC@dI216@eJY237
    
    张爱玲文集/[张爱玲著]/李晓明主编.-长春:吉林文史出版社,2002
    284页;20cm.-(学生阅读经典)
    
    
    ISBN 7-80626-761-1:CNY14.80
    本书分小说、散文两部分。收有张爱玲佳作“倾城之恋”、“金锁记”、“到底是上海人”、“公寓生活记趣”等。
●
相关链接 在E读中查询图书 在五车中查询图书 在当当中查询图书 在豆瓣中查询图书


正题名:张爱玲文集     索取号:I216/JY237         预约/预借

序号 登录号 条形码 馆藏地/架位号 状态 备注
1 7847746   278477462   学院路分馆/ [索取号:I216/JY237] 在馆    
2 7854677   278546771   学院路分馆/ [索取号:I216/JY237] 在馆    
唐山师范学院图书馆 欢迎您!
大连网信软件有限公司© 版权所有